| 000 | 00676nam a22001937a 4500 | ||
|---|---|---|---|
| 003 | OSt | ||
| 005 | 20251215003122.0 | ||
| 008 | 251215b |||||||| |||| 00| 0 eng d | ||
| 020 | _a1-85604-353-3 Remarks | ||
| 040 |
_aDWC-Main lib. _cOC |
||
| 082 | _aCirc. 025.84 L481d 2001 | ||
| 100 | _aLee, Stuart D. | ||
| 245 |
_aDigital imaging : _ba practical handbook/ _cStuart D. Lee |
||
| 260 |
_aLondon : _bLibrary Association Publishing, _cc2001. |
||
| 300 |
_axii, 194 p. ; _c23 cm. |
||
| 650 | _a1. Digitization preservation- Handbooks, maunals, etc. | ||
| 650 | _a2. Library materials-Conservation and restoration-Handbooks, manuals, etc. | ||
| 942 |
_2ddc _cBK-CIRC _kCirc. _n0 |
||
| 999 |
_c7066 _d7066 |
||